000
00298nam a2200121Ia 4500
008
180321s2003 xx 000 0 und d
082
_a
344.046 OXF
245
_a
Annual report 2002-2003
260
_a
New Delhi
_b
Oxfam
_c
2003
300
_a
31
650
_a
Disaster
650
_a
Right to livelihoods
999
_c
110825
_d
110825